书目信息 |
| 书名: | America Invulnerable | |
| 作者: | James Chace and Caleb Carr. | |
| 分册号: | ||
| 分册名: | 出版地: | New York : |
|
| 出版社: | Summit Books | |
| 出版时间: | 1988. | |
| 页数: | 367 p. ; | |
| 开本: | 26cm. | |
| 丛书名: | ||
| 中图分类号: | ||
| 科图分类号: | ||
| 其他分类号: | D771.21 | |
| 主题词: | ||
| 电子资源: | ||
| 000 | 00463nam 2200145 a 4500 | |
| 001 | E0153496638 | |
| 005 | 2001122814513649 | |
| 008 | 011228s1988 00010 eng | |
| 020 | @a0-671-61778-8 :@cRMB 12.00. | |
| 040 | @aPFT@beng | |
| 090 | @aD771.21 | |
| 099 | @dD771.21@eC431 | |
| 245 | @aAmerica Invulnerable :@bthe Quest for Absolute Security from 1812 to Star Wars / @cJames Chace and Caleb Carr. | |
| 260 | @aNew York :@bSummit Books,@c1988. | |
| 300 | @a367 p. ;@c26cm. | |
| America Invulnerable : : the Quest for Absolute Security from 1812 to Star Wars / / James Chace and Caleb Carr.-New York : : Summit Books, , 1988. |
| 367 p. ; ; 26cm. |
| ISBN 0-671-61778-8 :RMB 12.00. |
| ● |
| 相关链接 |
|
|
|
正题名:America Invulnerable
索取号:D771.21/C431
 
预约/预借
| 序号 | 登录号 | 条形码 | 馆藏地/架位号 | 状态 | 备注 |
| 1 | 01139 | 300011396 | 社科库509/509社科库 53排2列1层/ [索取号:D771.21/C431] | 在馆 |